| 000 | 00426nam a2200169Ia 4500 | ||
|---|---|---|---|
| 005 | 20250423100844.0 | ||
| 008 | 250422s9999 xx 000 0 und d | ||
| 020 | _a9782787701 | ||
| 050 | _aKP 77 .S2/ | ||
| 100 | _aSasegbon, Deji | ||
| 245 | 0 | _aSasegbon's laws of Nigeria: an encyclopaedia of Nigeran law and practice | |
| 260 | _aLagos | ||
| 260 | _bDSC | ||
| 260 | _c2005 | ||
| 650 | _a laws of Nigeria | ||
| 942 | _cBK | ||
| 999 |
_c34546 _d34546 |
||